Serbian Empire And Present Day Countries - Serbian History - Statistics

General Stats
  • This quiz has been taken 1,916 times
    1,507 since last reset
  • The average score is 8 of 9
Answer Stats
Country % Correct
Bosnia and Herzegovina
96%
Bulgaria
95%
Croatia
95%
Albania
94%
Greece
93%
North Macedonia
93%
Montenegro
92%
Serbia
90%
Kosovo
89%
No matching quizzes found
Score Distribution
Percent of People with Each Score
Percentile by Number Answered
Your Score History
You have not taken this quiz since the last reset